[Event "Hyderabad Pearl City op"]
[Site "Hyderabad"]
[Date "2019.09.06"]
[Round "1"]
[White "Harini, Narahari"]
[Black "Muthaiah, Al"]
[Result "0-1"]
[WhiteElo "1244"]
[BlackElo "2373"]
[PlyCount "86"]
[EventDate "2019.09.06"]
[EventType "swiss"]
[EventRounds "11"]
[EventCountry "IND"]
[SourceTitle "EXT 2020"]
[Source "ChessBase"]
[SourceDate "2019.10.17"]
[SourceVersion "1"]
[SourceVersionDate "2019.10.17"]
[SourceQuality "1"]

1. d4 Nf6 2. c4 g6 3. Nc3 d5 4. cxd5 Nxd5 5. e4 Nxc3 6. bxc3 Bg7 7. Nf3 c5 8. Bc4 0-0 9. 0-0 cxd4 10. cxd4 Bg4 11. Be3 Nc6 12. Rb1 Bxd4 13. Bh6 Bg7 14. Bxg7 Kxg7 15. Rxb7 Qxd1 16. Rxd1 Rfd8 17. Rdb1 Na5 18. Rc7 Nxc4 19. Rxc4 Rab8 20. Rbc1 Rb2 21. a4 Ra2 22. Ne5 Be6 23. Rc7 Rxa4 24. Nc6 Rd7 25. Rxd7 Bxd7 26. f3 Kf6 27. e5+ Ke6 28. Nd8+ Kxe5 29. Nxf7+ Kf6 30. Nd8 a5 31. Nb7 Ra2 32. Nc5 Bf5 33. g4 Rc2 34. Nb3 Rxc1+ 35. Nxc1 Be6 36. Nd3 a4 37. Nb4 Bb3 38. Kf2 a3 39. Kg3 a2 40. Nxa2 Bxa2 41. h4 Ke5 42. Kg2 Kf4 43. Kf2 Bd5 0-1